000 01017nam a22002777a 4500
999 _c65919
_d65919
005 20240530110849.0
008 200912s2019 ua a f b 000 0dara d
017 _a2018/22708
_bمصر. دار الكتب
020 _a9789777801508
040 _aEG-CaGPL
_cEG-CaGPL
082 0 4 _221
_a370.19\
_bر م
100 0 _aرفعت محمود بهجات محمد
245 1 0 _aمنابع الارهاب الفكرى :
_bقراءة فى مناهج التعليم /
_cرفعت محمود بهجات محمد
250 _aط.1
260 _aالقاهرة :
_bعالم الكتب،
_c2019
300 _a324 ص. ؛
_c24 سم.
504 _aيشتمل على ارجاعات ببليوجرافية
650 0 7 _aحقوق الانسان
_2qrmak
650 0 7 _aحقوق المراة
_2qrmak
650 0 7 _aالمواطنة
_2qrmak
650 0 7 _aالتعصب الدينى
_2qrmak
651 _2qrmak
653 0 _aالارهاب الفكرى
942 _2ddc
_cBK